000 00431nam a22001577a 4500
020 _a^9780273712138
082 _a657 WOO
100 _aFRANK WOOD
_9910
245 _aFRANK WOOD'S BUSINESS ACCOUNTING 2
250 _aELEVEN EDITION
260 _aENGLAND
_bPEARSON EDUCtion limited
_c2008
300 _aXIII;810P
_bINC.TABLES AND DRAWINGS; 22CM
500 _aINC.APPENDIX AND INDEX
700 _aALAN SANGSTER
_93129
942 _cBK
999 _c20436
_d20436